000 00380 a2200157 4500
001 147638
040 _cEscola São Tomás de Aquino
100 _aMORAIS, Leandro Reis di
240 1 0 _aMeu amiguinho Kadu
_lpor
245 1 0 _aMeu amiguinho Kadu
300 _a12
362 0 _a2015
440 1 _aBellas Artes Gráfica e Editora
697 _a*LITERATURA INFANTO
942 _cBK
999 _c147638
_d147638